000 00659nam a2200217Ia 4500
003 OSt
005 20220120153235.0
008 210716s2008 xx 000 0 und d
020 _a9780070656666
040 _cAIMIT LIBRARY
041 _aeng
082 _a332.12
_21
_bDALS
100 _aDalmia, Sanjay.
_914053
245 _aFinancial supply chain.
_cby Sanjay Dalmia
250 _a1st. ed.-
260 _aNew Delhi:
_bTata McGraw Hill Publishing Company Ltd,
_c2008.
300 _axviii,221p. ; 24cm.
650 _aLegal aspects of e-financial supply chain
_914054
650 _aEvolving financial services
_914055
942 _2ddc
_cBK
_e1
_k332.12 DALS
999 _c207644
_d207644